00614nam a2200229Ia 4500008004000000041000800040082001200048100001700060245004700077260003200124300001400156650000800170650001500178650000700193650001100200650000800211650001000219690001100229906001100240999001900251952011400270210210b1925 xxu||||| |||| 00| 0 eng d aeng a580/107 aGAMBLE (J S) aFlora of the presidency of Madras part VII aLondonbNot Mentionedc1925 a1162-1346 aVII apresidency aof aMadras aIII aFlora aBotany a010371 c138139d138139 001040708BotanyaALbALcBotanyd2021-02-17g0.00l0o580/107p010371r2021-02-17 00:00:00w2021-02-17yBK